000 00352nam a2200121 4500
999 _c12370
_d12370
008 190123b ||||| |||| 00| 0 eng d
100 _934908
_aCordova, Calvin
245 _aDOH runs out of anti-rabies vaccines/
_cCalvin Cordova
260 _aPhilippines
_bManila Bulletin
_cc2018
300 _apage 12.
650 0 _934909
_aVaccines.
942 _2ddc
_cPER